000 00723nam a2200253Ia 4500
003 OSt
005 20220928124802.0
006 a|||||r|||| 00| 0
007 ta
008 220927b |||||||| |||| 00| 0 eng d
024 _a68704
037 _cTextual
040 _aSDCL
_cSDCL
_beng
041 _2eng
_aeng
082 _aO-,1K08,1:g, P3
100 _aCorns Thomas N Ed.
_9466941
245 0 _aCompanion to Milton.
260 _aOxford
_bBlackwell Publishing
_c2003
300 _axvi,528p
_ccm.
490 _aBlackwell companions to literature and culture
650 _aMilton-poetry-criticism
_9466942
942 _hO-,1K08,1:g, P3
_cTEXL
_2CC
999 _c779758
_d779758